Statistiken für Stadt zu Bundesland #5

Klicken Sie hier um das Quiz zu spielen!

Allgemein

  • Dieses Quiz wurde 85 mal gespielt
  • Das Durchschnittsergebnis liegt bei 11 aus 13

Antwortstatistiken

StadtBundesland% Korrekt
OberstdorfBayern
94%
KleveNordrhein-Westfalen
91%
HockenheimBaden-Württemberg
89%
UeckermündeMecklenburg-Vorpommern
86%
QuedlinburgSachsen-Anhalt
86%
BitburgRheinland-Pfalz
85%
Bad SegebergSchleswig-Holstein
85%
TraunsteinBayern
84%
RiesaSachsen
84%
SoltauNiedersachsen
80%
ApoldaThüringen
75%
VoerdeNordrhein-Westfalen
68%
SexauBaden-Württemberg
54%

Verteilung der Resultate

Perzentil nach korrekt beantworteten Fragen

Anzahl Personen mit jedem Resultat

Ihre Resultats-Entwicklung

Sie haben dieses Quiz noch nicht gespielt